000
00307nam a2200109Ia 4500
008
171211s9999 xx 000 0 und d
245
_a
Law and Ethics for Pharmacy Technicians
245
_c
Jahangir Moini
260
_c
2009
650
_x
LANGUAGES
856
_u
http://down.ebook777.com/053/9781428311022.pdf
999
_c
349768
_d
349768